000 00786cam a2200253 4500
008 090401t1988 xxu||||| |||| 00| 0 eng d
020 _a0333482069
035 _a(Sirsi) u8426
041 _aeng
050 _a692.5
100 _aSeeley, Ivor Hugh
245 _aBuilding quantities explained
250 _a4th ed.
260 _aBasingstoke
_bMacMillan
_c1988
300 _axv,284p. : ill. ; 24cm.
350 _a9.5
520 _aWell know text on the measurement of building works from first principles to application with many worked examples. Revised to SMM7.
650 _aBILLS OF QUANTITIES
650 _aMeasurement
_96256
650 _aQuantity surveying
_96263
650 _aSTANDARD METHOD OF MEASUREMENT (SEVENTH EDITION)
942 _n0
948 _c04/03/1997
999 _c86512
_d86512